000 00258nam a2200097Ia 4500
008 231107s1999 xx 000 0 und d
041 _aeng
100 _aBarry R.
245 _aThe Construction of Building
260 _aNew Delhi
_bEast-West Press Pvt.Ltd.
_c1999
999 _c923051
_d923051